=LDR 00000nam 2200000 4500 =001 INLIS000000000026850 =005 20130612125253 =008 ***********************************ind** =035 ##$$0010-061300000026850 =041 ##$$a ind =082 ##$$a 728.054 =090 ##$$a 728.054, PEN p =245 ##$$a Pengecatan, Aplikasi cat interior dan eksterior, mengenal alat cat, tip mengecat dinding lama dan baru ..., Harry Gon ...[et al.]; editor, Ramia Nurwulandari, Yanuarita Puji Hastuti =250 ##$$a Serial Rumah Spesial =260 ##$$a [200?] $b [s.l] =300 ##$$a 70 hlm., ilus., 28 cm =650 ##$$a Rumah Tinggal =650 ##$$a Pengecatan =700 ##$$a Gon, Harry dkk =850 ##$$a NBPNMAT